000 nam a22 7a 4500
999 _c8575
_d8575
008 180118b ||||| |||| 00| 0 eng d
100 _aJaisari
_93642
245 _aEnglish Grammar
260 _bPerwinkle
_c2009